Natural control of Helicoverpa armigera in smallholder crops in East Africa /

Bibliographic Details
Main Author: Berg, Henk van den, 1962-
Format: Thesis Book
Language:English
Language Notes:Added p.: Summary in Dutch.
Published: [Wageningen] : [publisher not identified], [1993?]
Subjects:

MARC

Tag First Indicator Second Indicator Subfields
LEADER 00000cam a2200000Ia 4500
001 in00002782059
005 20150922112957.0
008 950406s1993 ne ab bm 000 0 eng
016 7 |a B9420965  |2 bccb 
020 |a 9054851074 
020 |a 9789054851073 
035 |a (OCoLC)ocm32261897 
035 |a (OCoLC)32261897 
040 |a AGL  |c AGL  |d OCLCQ  |d NLGGC  |d TXA  |d UtOrBLW 
041 0 |a eng  |b dut 
043 |a fe----- 
049 |a TXAM 
070 0 |a DISS  |b F1993400 
072 0 |a F821 
084 |a 48.63  |2 bcl 
090 |a SB945.H28  |b B47 1993 
100 1 |a Berg, Henk van den,  |d 1962- 
245 1 0 |a Natural control of Helicoverpa armigera in smallholder crops in East Africa /  |c Henk van den Berg. 
264 1 |a [Wageningen] :  |b [publisher not identified],  |c [1993?] 
300 |a 233 pages :  |b illustrations, maps ;  |c 24 cm. 
336 |a text  |b txt  |2 rdacontent 
337 |a unmediated  |b n  |2 rdamedia 
338 |a volume  |b nc  |2 rdacarrier 
502 |b doctoral  |c Landbouwuniversiteit te Wageningen  |d 1993. 
504 |a Includes bibliographical references (pages [221]-232). 
546 |a Added p.: Summary in Dutch. 
650 0 |a Helicoverpa armigera  |x Biological control  |z Africa, East. 
650 1 7 |a Katoenrups.  |2 gtt 
650 1 7 |a Biologische bestrijding.  |2 gtt 
994 |a C0  |b TXA 
948 |a cataloged  |b h  |c 2012/8/20  |d c  |e nbehmer  |f 1:44:12 pm 
999 |a MARS 
999 f f |s 82f65ac7-7151-3a32-9acc-24352a5bf0c5  |i 729a49de-4468-309f-be3f-47c8e80dc34c  |t 0 
952 f f |p ric  |a Texas A&M University  |b Rellis Campus  |c Joint Library Facility  |d Remote Storage  |t 0  |e SB945.H28 B47 1993  |h Library of Congress classification  |i unmediated -- volume  |m A14841516449 
998 f f |a SB945.H28 B47 1993  |t 0  |l Remote Storage